Get the Picture: Which Decade - The '00s or '10s? Quiz Stats

 Plays Quiz Updated Oct 12, 2019

Score 0/16 Timer 03:00
1 Play Today
Question Answer Wrong Answers
In a close presidential race against Hillary Clinton, Donald Trump is elected as president of the United States The 2010s
93%
The 2000s
2.1%
The September 11 attacks kill nearly 3,000 people in the United States The 2000s
92.8%
The 2010s
2.7%
A referendum takes place in the United Kingdom in which voters elect to leave the European Union. The 2010s
89%
The 2000s
5.8%
A U.S.-led invasion of Iraq begins that eventually topples Saddam Hussein's government The 2000s
88.9%
The 2010s
6.3%
Hurricane Katrina strikes the southeastern U.S., dealing catastrophic damage to New Orleans and the surrounding areas The 2000s
80.5%
The 2010s
14.9%
Benazir Bhutto, former Pakistani prime minister, is assassinated at an election rally in Rawalpindi The 2000s
79.8%
The 2010s
15.3%
Fidel Castro, former leader of Cuba for over 50 years, dies at the age of 90 The 2010s
79.2%
The 2000s
16.1%
The War in Darfur begins in western Sudan The 2000s
74.7%
The 2010s
20.3%
Edward Snowden, a former contractor for the U.S. government, leaks highly classified information from the National Security Agency The 2010s
74.2%
The 2000s
20.9%
Tsunamis, generated by a 9.3 Earthquake off Indonesia, devastate Asian countries, killing thousands The 2000s
70.9%
The 2010s
24.3%
Pope Benedict XVI becomes the first pope to resign in over 500 years The 2010s
66.4%
The 2000s
28.8%
Angela Merkel becomes the first female Chancellor of Germany The 2000s
66.4%
The 2010s
29%
The Philippine Drug War, a policy focused on the ‘neutralization’ of criminals and drug users, begins under President Rodrigo Duterte The 2010s
59.5%
The 2000s
35.5%
Vicente Fox is elected President of Mexico, making him the first president elected from an opposition party in 71 years The 2000s
58.8%
The 2010s
36.6%
Nobel Peace Prize winner Aung San Suu Kyi emerges from years of house arrest to assume the leadership of Myanmar The 2010s
57.8%
The 2000s
37.3%
The Arab Spring, a series of anti-government protests and armed rebellions, spreads across the Middle East The 2010s
56.6%
The 2000s
38.8%

Today's Daily Dose

Missing Word
1940s A-Z

Quick Pick
'S' Athletes

Get the Picture
Depp or Bonham Carter

You're not logged in!

Compare scores with friends on all Sporcle quizzes.
OR
Log In

Sporcle TV

Today on Sporcle TV


Watch our educational content, quiz creation guides, and fun videos on Sporcle TV.

Show Comments

Extras

Top Quizzes Today


Score Distribution

Your Account Isn't Verified!

In order to create a playlist on Sporcle, you need to verify the email address you used during registration. Go to your Sporcle Settings to finish the process.

Report this User

Report this user for behavior that violates our Community Guidelines.

Details: